Μαζί και στο αύριο

Αποθηκεύτηκε σε:
Λεπτομέρειες βιβλιογραφικής εγγραφής
Κύριος συγγραφέας: Χανιώτου, Μαρία
Μορφή: Βιβλίο
Γλώσσα:Greek
Δημοσίευση: Αθήνα : Εμπειρία εκδοτική, 2004
Σειρά:Διαδρομή στη σύγχρονη λογοτεχνία
Θέματα:
Ετικέτες: Προσθήκη ετικέτας
Δεν υπάρχουν, Καταχωρήστε ετικέτα πρώτοι!

MARC

LEADER 00000cam a2200000 i 4500
001 1/34849
008 130821s2004 gre d
020 |a 960-417-050-3 
035 |l 10115353 
040 |a GR-MY-UA  |b gre  |e aacr 
041 0 |a gre 
082 0 |a 889.3  |2 (22) 
100 1 |a Χανιώτου, Μαρία. 
245 1 0 |a Μαζί και στο αύριο /  |c Μαρία Χανιώτου 
260 |a Αθήνα :   |b Εμπειρία εκδοτική,   |c 2004 
300 |a 284 σ.;  |c 21 εκ. 
490 1 |a Διαδρομή στη σύγχρονη λογοτεχνία 
650 0 0 |a Greek fiction, Modern. 
830 0 |a Διαδρομή στη σύγχρονη λογοτεχνία 
852 |a INST  |b SAMOS  |e 20130821  |h 889.3 ΧΑΝ  |p 005300040419  |q 005300040419  |t BK  |y 0 
901 |a BIBL3-2013-2 
909 |a Σ  |b 178651 
970 |a ΓΟΥΒΑΛΑ  |b ΒΑΣΩ  |z 2013/08/21